Представление документа в формате MARC21

Поле Инд. ПП Название Значение
Тип записи a
Библиографический уровень a
001 Контрольный номер cb5013679a0b46b7a8c109d60ac48d80
005 Дата корректировки 20220113091048.1
040 a Служба первич. каталог. НБ ТвГУ
b Код языка каталог. rus
e Правила каталог. PSBO
041 0_ a Код языка текста rus
097 b Оператор Komarova.ES
098 b Факультет Филологический
c Кафедра Журналистики, рекламы и связей с общественностью
100 1_ a Автор Горобий Алексей Викторович
q Полное имя Горобий А. В.
245 10 a Заглавие Британское телевидение в эпоху виртуализации: основные тенденции
260 a Место издания Тверь
b Издательство Тверской государственный университет
504 a Библиография Библиогр.: с. 43 (8 назв.)
520 0_ a Аннотация В данной статье рассматриваются различные аспекты взаимодействия британских телевизионных каналов с сетью Интернет, среди которых – создание своих Интернет-сайтов и подкастов, использование онлайн-технологий в телевизионном эфире и сотрудничество с видеоблогерами. Все эти модели анализируются с точки зрения формирования универсального цифрового медиапространства.
653 0_ a Ключевые слова Труды Тверского государственного университета
a Ключевые слова Реклама
a Ключевые слова Медиапространство
a Ключевые слова Журналистика
a Ключевые слова Блоги
a Ключевые слова Социальные сети
773 18 w Контрольный № источника c727089327994f68971704e6e67dc3f5
t Название источника СМИ в онтологическом и культурном пространстве славянского мира. Дни славянской письменности и культуры
d Место и дата издания Тверь : Тверской государственный университет, 2021
g Прочая информация С. 41-43
901 t Тип документа a
920 a Оператор Кома
954 b Дата поступления в ОК 20220113